Search the Library Catalogue
| 000 -LEADER | |
|---|---|
| fixed length control field | 00887nam a2200229Ia 4500 |
| 008 - FIXED-LENGTH DATA ELEMENTS--GENERAL INFORMATION | |
| fixed length control field | 240825s9999 xx 000 0 und d |
| 020 ## - INTERNATIONAL STANDARD BOOK NUMBER | |
| ISBN | 9788131612651 |
| Paper back/Hardbound | hbk |
| 041 ## - LANGUAGE CODE | |
| Language code of text/sound track or separate title | eng |
| 082 ## - DEWEY DECIMAL CLASSIFICATION NUMBER | |
| Classification number | 301.01 |
| Item number | RIT |
| 100 ## - MAIN ENTRY--AUTHOR NAME | |
| Personal name | Ritzer, G |
| 245 #0 - TITLE STATEMENT | |
| Title | Contemporary sociological theory and its classical roots |
| Statement of responsibility, etc | / Ritzer G |
| Sub Title | the basics |
| 250 ## - EDITION STATEMENT | |
| Edition statement | 1st ed. |
| 260 ## - PUBLICATION, DISTRIBUTION, ETC. (IMPRINT) | |
| Name of publisher | Rawat Publication |
| Year of publication | c2013 |
| Place of publication | New Delhi |
| 300 ## - PHYSICAL DESCRIPTION | |
| Number of Pages | xii, 340 p. |
| Dimensions | 24 cm. |
| 500 ## - GENERAL NOTE | |
| General note | Reprint, 2022 |
| 504 ## - BIBLIOGRAPHY, ETC. NOTE | |
| Bibliography, etc | Includes index |
| 520 ## - SUMMARY, ETC. | |
| Summary, etc | This introduction to contemporary sociological theory begins with a synopsis of the formative years of sociological theory and then looks at modern theory, from structural functionalism to recent syntheses of sociological theory. |
| 650 ## - SUBJECT ADDED ENTRY--TOPICAL TERM | |
| Topical Term | Sociologies Biographies; Sociology Philosophy; Sociologie |
| 700 ## - ADDED ENTRY--PERSONAL NAME | |
| Personal name | Jeffrey Stepnisky |
| 942 ## - ADDED ENTRY ELEMENTS (KOHA) | |
| Koha item type | English Books |
| Withdrawn status | Lost status | Damaged status | Not for loan | Home library | Current library | Shelving location | Date acquired | Cost, normal purchase price | Full call number | Accession Number | Price effective from | Koha item type | Copy number |
|---|---|---|---|---|---|---|---|---|---|---|---|---|---|
| Anna Centenary Library | Anna Centenary Library | 3RD FLOOR, B WING | 05.04.2024 | 1595.00 | 301.01 RIT | 662113 | 05.04.2024 | Reference | |||||
| Anna Centenary Library | Anna Centenary Library | 3RD FLOOR, B WING | 05.04.2024 | 1595.00 | 301.01 RIT;1 | 662114 | 05.04.2024 | Reference | 1 |